<The> Economic integration of Germany's new länder

Salvato in:
Dettagli Bibliografici
Autore principale: Wurzel, Eckhard
Natura: Libro
Lingua:inglese
Pubblicazione: Paris OECD-Economics Department 2001
Serie:Working papers No. 307
Soggetti:
Tags: Aggiungi Tag
Nessun Tag, puoi essere il primo ad aggiungerne!!

MARC

LEADER 00000nam a2200000 4500
001 c130542
005 20221124105119.3
041 0 |a eng 
044 |a FR 
245 1 0 |a <The> Economic integration of Germany's new länder  |c by Eckhard Wurzel 
264 1 |a Paris  |b OECD-Economics Department  |c 2001 
300 |a 61 s. 
490 1 |a Working papers  |v No. 307 
830 0 |a Working papers  |v No. 307 
610 2 0 |a integrácia ekonomická 
610 2 0 |a vývoj hospodársky 
610 2 0 |a transformácia 
610 2 0 |a politika fiškálna 
610 2 0 |a výdavky na správu štátnu 
610 2 0 |a trh práce 
610 2 0 |a Spoločenstvo nezávislých štátov 
610 2 0 |a zamestnanosť 
610 2 0 |a úroveň životná 
610 2 0 |a mzdy 
610 2 0 |a ponuka práce 
610 2 0 |a reformy hospodárske 
100 1 |a Wurzel, Eckhard